European Capital - Hot or Cold clues Quiz Stats

 Plays Quiz not verified by Sporcle

Challenge
Share
Tweet
Embed
Score 0/46 Timer 05:00
0 Plays Today
Hot or Cold Capital (with Country) % Correct
Very HotMoscow (Russia)
97.7%
ColdLondon (U.K.)
97%
ColdParis (France)
96.4%
WarmBerlin (Germany)
95.9%
Very ColdRome (Italy)
94.8%
WarmKiev (Ukraine)
94.7%
Very HotOslo (Norway)
94.6%
FreezingMadrid (Spain)
94.6%
HotWarsaw (Poland)
94.2%
TepidVienna (Austria)
94.1%
TepidBudapest (Hungary)
94.1%
TepidAmsterdam (Netherlands)
93.9%
BoilingStockholm (Sweden)
93.7%
HotCopenhagen (Denmark)
93.7%
Very ColdAthens (Greece)
93.6%
TepidPrague (Czech Republic)
93.3%
HotMinsk (Belarus)
93.2%
BoilingRiga (Latvia)
93%
ColdBrussels (Begium)
93%
FreezingDublin (Republic of Ireland)
93%
FreezingLisbon (Portugal)
93%
ColdBucharest (Romania)
92.7%
ColdBern (Switzerland)
92.6%
Hot or Cold Capital (with Country) % Correct
SizzlingTallinn (Estonia)
92.5%
Very HotVilnius (Lithuania)
92.5%
TepidBratislava (Slovakia
92.5%
FreezingReykjavik (Iceland)
92.5%
Very ColdVatican City (Vatican City)
92.3%
ChillyCity of Luxembourg (Luxembourg)
92.1%
ColdSofia (Bulgaria)
92%
ColdBelgrade (Serbia)
91.8%
ChillyZagreb (Croatia)
91.7%
ColdSarajevo (Bosnia and Herzegovina)
91.7%
FreezingCity of San Marino (San Marino)
91.7%
FreezingMonaco (Monaco)
91.6%
TepidChisinau (Moldova)
91.5%
ChillyVaduz (Leichtenstein)
91.5%
ColdSkopje (Macedonia)
91.5%
ChillyLjubljana (Slovenia)
91.3%
ColdTirana (Albania)
91.3%
Centre of the sun! (answer)Helsinki - the capital of Finland
91.2%
ColdProdgorica (Montenegro)
91.2%
FreezingValleta (Malta)
91.2%
FreezingAndorra la Vella (Andorra)
90.4%
ColdPristina (Kosovo)
90.2%
FreezingNicosia (Cyprus)
90%

You're not logged in!

Compare scores with friends on all Sporcle quizzes.
OR
Log In

You Might Also Like...

Show Comments

Extras

Top Quizzes Today


Score Distribution

Your Account Isn't Verified!

In order to create a playlist on Sporcle, you need to verify the email address you used during registration. Go to your Sporcle Settings to finish the process.

Report this User

Report this user for behavior that violates our Community Guidelines.

Details: